000 00479nam a2200181Ia 4500
008 240925s9999 xx 000 0 und d
020 _a9788126543939
082 _a621.3815 CAR
100 _aCarusone, Tony Chan
245 0 _aAnalog Integrated Circuit Design
250 _a2nd
260 _aNew Delhi:
_bJohn Wiley and Sons
_c,2015.
300 _a355p.
_b0
_fOriginal
500 _aIncludes Index
600 _aEngineering Technology
650 _aTechnology
942 _cBK
999 _c13794
_d13794